| 000 | 01250nam a22003617a 4500 | ||
|---|---|---|---|
| 003 | CHAP | ||
| 005 | 20220817042007.0 | ||
| 008 | 971013s1962 r 00010 d | ||
| 010 | _a31232 | ||
| 011 | _a32204 | ||
| 035 | _a36317 | ||
| 040 | _cCHAP | ||
| 082 |
_a338.9 _bM37 |
||
| 100 | 0 | 0 |
_aMarrama, Vittorio. _971546 |
| 245 | _aPolítica económica de los países subdesarrollados | ||
| 250 | _a2 ed. | ||
| 260 |
_aMadrid : _bAguilar, _c1962 |
||
| 300 | _a327 p | ||
| 590 |
_aBATCH-UPD _b10 _c20130110 _lUCH01 _h1026 |
||
| 590 |
_aBATCH-UPD _b10 _c20130410 _lUCH01 _h0630 |
||
| 590 |
_aBATCH-UPD _b10 _c20130914 _lUCH01 _h1149 |
||
| 590 |
_aCONVERSION _b10 _c20130109 _lUCH01 _h1318 |
||
| 650 | 1 | 4 | _aDesarrollo económico. |
| 650 | 1 | 4 |
_aPaíses subdesarrollados. _985149 |
| 650 | 1 | 4 | _aPolítica económica. |
| 901 | _aBK | ||
| 942 | _cLIBRO | ||
| 949 |
_a338.9 M37 _bBC _cLIBRO _d33724000422291 _eLIBRO _fc.4 _h6479 _i36317 _si |
||
| 949 |
_a338.9 M37 _bBC _cLIBRO _d33724000422309 _eLIBRO _fc.5 _h6480 _i36317 _si |
||
| 949 |
_a338.9 M37 _bBC _cLIBRO _d33724000422317 _eLIBRO _fc.6 _h34483 _i36317 _si |
||
| 949 |
_a338.9 M37 _bBC _cLIBRO _d33724000422416 _eLIBRO _fc.3 _h6478 _i36317 _si |
||
| 949 |
_a338.9 M37 _bBC _cLIBRO _d33724000422424 _eLIBRO _fc.2 _h6477 _i36317 _si |
||
| 999 |
_c31232 _d31232 |
||